00843cam a2200229 a 450000100100000000500170001000800410002703500190006804000300008708200190011710000390013624500700017526000440024530000280028959000540031765000300037165000320040191000340043304900090046795201220047699900150059800000988620200929161740.0841129s1984 pn a 000 0 spa  a(DLC) 83838734 aDO-SdBNPcDLCdDLCdBNPHU aP861.44bS572L1 aSierra, Stella,d1917-1997.92481910aLibre y cautiva :bverso y prosa, obra escogida /cStella Sierra. aPanamá :b[Lito Arte Panamex],c1984. a383 p. :bil. ;c24 cm. aAutobiografiada por la autora el primer ejemplar. 4aPoesía panameña94260 4aLiteratura panameña94261 aCatalogación por copia / LC aBNGR 001052708MOaGRbGRcCTd2009-10-01iLF1l0oP861.44 S572Lp9886-10r2020-06-25w2020-06-25y2ZPréstamo interno c9645d9645